Hitotsubashi journal of arts and sciences
محفوظ في:
| التنسيق: | كتاب |
|---|---|
| اللغة: | Undetermined |
| منشور في: |
Tokyo, Japan
Hitotsubashi University
|
| الموضوعات: | |
| الوسوم: |
إضافة وسم
لا توجد وسوم, كن أول من يضع وسما على هذه التسجيلة!
|
| Thư viện lưu trữ: | Trung tâm Học liệu Trường Đại học Cần Thơ |
|---|
| LEADER | 00452nam a2200157Ia 4500 | ||
|---|---|---|---|
| 001 | CTU_235813 | ||
| 008 | 210402s9999 xx 000 0 und d | ||
| 082 | |a 052 | ||
| 082 | |b H674 | ||
| 245 | 0 | |a Hitotsubashi journal of arts and sciences | |
| 245 | 0 | |c Hitotsubashi University | |
| 260 | |a Tokyo, Japan | ||
| 260 | |b Hitotsubashi University | ||
| 650 | |a Arts,Sciences | ||
| 904 | |i Duy Bằng | ||
| 980 | |a Trung tâm Học liệu Trường Đại học Cần Thơ | ||